[Event "1st Asian Clubs"]
[Site "Al Ain UAE"]
[Date "2008.12.31"]
[Round "7"]
[White "Kakageldyev,A"]
[Black "Sharif,Me"]
[Result "0-1"]
[WhiteElo "2449"]
[BlackElo "2458"]

1.d4 Nf6 2.c4 e6 3.Nc3 Bb4 4.Qc2 O-O 5.a3 Bxc3+ 6.Qxc3 b6 7.Bg5 Ba6 8.e3 d6
9.Nf3 Nbd7 10.Bh4 c5 11.Rd1 Qc7 12.dxc5 bxc5 13.Bd3 Bb7 14.Nd2 a5 15.O-O a4
16.Qc2 Rfb8 17.f3 Bc6 18.Rf2 Ra6 19.Nb1 Rab6 20.Nc3 Rxb2 21.Qxb2 Rxb2 22.Rxb2 d5
23.Bg3 Qa5 24.Be1 Qc7 25.Bg3 Qa5 26.Be1 Qc7 27.cxd5 exd5 28.Bg3 Qa5 29.Rc1 c4
30.Nb1 Qa7 31.Bf2 Qa8 32.Bf1 h5 33.Nc3 Nc5 34.Rb4 Nb3 35.Rd1 Qe8 36.Ne2 Qe5
37.Nd4 Nxd4 38.exd4 Qg5 39.Rb2 Bd7 40.Re2 Qg6 41.Rc1 Bf5 42.Re3 Qg5 43.Rec3 Nd7
44.Be3 Qf6 45.Rd1 Qb6 46.Rd2 Nb8 47.Kf2 Qb1 48.Re2 Nc6 49.Rc1 Qb3 50.Ra1 Qc3
51.Raa2 Nxd4 52.Red2 Nc2 53.Raxc2 Bxc2 54.Rxd5 Bd3 55.Bxd3 cxd3 56.Rd4 Qxa3
57.Bd2 Qc5 58.Ke3 a3 59.Kxd3 a2  0-1

[Event "Masters"]
[Site "Hastings ENG"]
[Date "2009.01.03"]
[Round "7"]
[White "Lunn,M"]
[Black "Donovan,N"]
[Result "1-0"]
[WhiteElo "1874"]
[BlackElo "2093"]

1.d4 Nf6 2.c4 e6 3.Nc3 Bb4 4.Qc2 O-O 5.e4 d5 6.e5 Ne4 7.Bd3 c5 8.cxd5 exd5
9.Ne2 cxd4 10.Nxd4 Re8 11.f4 Bxc3+ 12.bxc3 f6 13.O-O fxe5 14.fxe5 Rxe5 15.Ba3 Nd7
16.Rf4 Qg5 17.Raf1 Ndf6 18.c4 Bd7 19.cxd5 Rc8 20.Qb2 Nc3 21.Ne6 Bxe6 22.dxe6 Rxe6
23.Bc4 Rxc4 24.Rxc4 Ne2+ 25.Kh1 Qe3 26.Rc8+ Kf7 27.Qxb7+ Kg6 28.Qf3 Qe5 29.Rc5 Qe4
30.Bb2 Qxf3 31.gxf3 Nf4 32.Rg1+ Kh6 33.Bc1 Nh5 34.Rc7 g6 35.Rxa7 g5 36.Ra5 Nh3
37.Rf1 Nf2+ 38.Kg2 Nd3 39.Bxg5+ Kg6 40.Bc1 Re2+ 41.Kg1 Nhf4 42.Bxf4 Nxf4
43.Rb1  1-0

[Event "Open A"]
[Site "Gjovik NOR"]
[Date "2009.01.04"]
[Round "6"]
[White "Nyland,T"]
[Black "Urkedal,F"]
[Result "1/2-1/2"]
[WhiteElo "2140"]
[BlackElo "2316"]

1.d4 Nf6 2.c4 e6 3.Nc3 Bb4 4.Qc2 O-O 5.a3 Bxc3+ 6.Qxc3 b6 7.Bg5 Bb7 8.Nf3 d6
9.e3 Nbd7 10.Be2 Rc8 11.O-O Ne4 12.Bxd8 Nxc3 13.bxc3 Rfxd8 14.Nd2 c5 15.f4 Nb8
16.g4 Ba6 17.Kf2 Nc6 18.Rac1 Na5 19.d5 Rc7 20.e4 Re7 21.Bd3 Rde8 22.Rce1 exd5
23.exd5 Rxe1 24.Rxe1 Rxe1 25.Kxe1 Kf8 26.g5 h6 27.Kf2 hxg5 28.fxg5 Ke7 29.h4 g6
30.Ke3 Bc8 31.Kf4 Bd7 32.Be2 Ba4 33.h5 gxh5 34.Bxh5 Nb3 35.Nxb3 Bxb3 36.Be2 Bc2
37.Ke3 Kf8 38.Kd2 Bf5 39.Bh5 Kg7 40.Ke3 Bc2 41.Be2 Kg6 42.Kf4 Bb1 43.Bf1 Kh5
44.Be2+ Kh4 45.Bf1 Bg6 46.Be2 Kh3 47.Bg4+ Kg2 48.Ke3 Kg3 49.Bd7 Bh5 50.Ke4 Bg6+
51.Ke3 a5 52.Bc8 Kh4 53.Kf4 Bd3 54.Ba6 Kh5 55.Bb5 Kg6 56.Ke3 Bf1 57.Kf2 Bh3
58.Kg3 Bf5 59.Kf4 Bc8 60.Ba4 Ba6 61.Bc2+ Kg7 62.Bd3 Kf8 63.Be2  1/2-1/2

[Event "Petrovskaya Ladya GM1"]
[Site "Peterhof RUS"]
[Date "2009.01.07"]
[Round "7"]
[White "Khuseinkhodzhaev,M"]
[Black "Trushelyov,V"]
[Result "0-1"]
[WhiteElo "2373"]
[BlackElo "2354"]

1.d4 Nf6 2.c4 e6 3.Nc3 Bb4 4.Qc2 O-O 5.a3 Bxc3+ 6.Qxc3 b6 7.Bg5 Bb7 8.e3 d6
9.f3 h6 10.Bh4 Nbd7 11.Bd3 c5 12.Ne2 d5 13.O-O Rc8 14.cxd5 Nxd5 15.Qe1 N5f6
16.Rd1 Qe7 17.Bb5 g5 18.Bf2 cxd4 19.Nxd4 Rfd8 20.Qe2 Ne5 21.h3 Nd5 22.Rd2 Nc7
23.Bg3 Nxb5 24.Bxe5 Nxd4 25.Bxd4 e5 26.Bc3 Rxd2 27.Qxd2 Rd8 28.Qf2 Rd3 29.Re1 Qd6
30.Qg3 f6 31.Qg4 Qd7 32.Qc4+ Qd5 33.Qc7 Qc6 34.Qb8+ Kg7 35.Bb4 Rd7 36.Qf8+ Kg6
37.Be7 Qe6 38.Bb4 a5 39.Bc3 h5 40.f4 Qc6 41.Re2 gxf4 42.exf4 Kh7 43.fxe5 Rg7
44.Qxf6 Rxg2+ 45.Kf1 Qc4 46.Qe7+ Rg7 47.Qe8 Qf4+ 48.Rf2 Ba6+  0-1

[Event "Petrovskaya Ladya GM1"]
[Site "Peterhof RUS"]
[Date "2009.01.10"]
[Round "11"]
[White "Khuseinkhodzhaev,M"]
[Black "Levin,Ev"]
[Result "0-1"]
[WhiteElo "2373"]
[BlackElo "2484"]

1.d4 Nf6 2.c4 e6 3.Nc3 Bb4 4.Qc2 O-O 5.a3 Bxc3+ 6.Qxc3 b6 7.Qf3 Nc6 8.Bg5 Ba6
9.e3 Na5 10.Rc1 Bb7 11.Bxf6 Qxf6 12.Qxf6 gxf6 13.f3 c5 14.Bd3 Rfc8 15.Ne2 Ba6
16.dxc5 bxc5 17.Nf4 Rab8 18.Rc2 Rb3 19.Kd2 Kf8 20.Rd1 Rxd3+ 21.Kxd3 Nxc4
22.Rxc4 d5 23.Kc3 Bxc4 24.e4 Rd8 25.b3 Ba6 26.exd5 Ke7 27.Rd2 e5 28.Nh5 f5
29.Ng3 Bc8 30.Kc4 Kd6 31.Kb5 Bd7+ 32.Ka6 Rb8 33.Rd3 Bb5+ 34.Kxa7 Bxd3 35.Kxb8 e4
36.fxe4 fxe4 37.a4 e3 38.a5 e2 39.Nxe2 Bxe2 40.Kb7 Bd1 41.a6 Bxb3 42.a7 Bxd5+  0-1

[Event "6th ch-Mediterranean"]
[Site "Antalya TUR"]
[Date "2009.01.11"]
[Round "2"]
[White "Malokas,N"]
[Black "Emiroglu,C"]
[Result "0-1"]
[WhiteElo "1890"]
[BlackElo "2079"]

1.d4 Nf6 2.c4 e6 3.Nc3 Bb4 4.Qc2 O-O 5.a3 Bxc3+ 6.Qxc3 b6 7.Nf3 Bb7 8.g3 c5
9.dxc5 Ne4 10.Qc2 bxc5 11.Bd2 Nxd2 12.Qxd2 Nc6 13.Bg2 Nd4 14.Rd1 Qf6 15.O-O Bxf3
16.exf3 Rab8 17.b4 Nxf3+ 18.Bxf3 Qxf3 19.Qxd7 Qxa3 20.bxc5 Qxc5 21.Ra1 a5
22.Qa4 h6 23.Qxa5 Qxc4 24.Rac1 Qg4 25.Rc7 Rbd8 26.Qa6 e5 27.Qa7 e4 28.Rc3 Rd3
29.Rcc1 Re8 30.Rce1 Kh7 31.Qxf7 Re5 32.Qc4 Rf3 33.Qd4 Qf5 34.Re2 Rd3 35.Qa7 h5
36.h4 Qg4 37.Re3 Rf5 38.Kg2 Rf3 39.Rfe1 Rd2 40.Rf1 Qxg3+ 41.Kh1 Qxh4+ 42.Kg2 Qg3+
43.Kh1 Qh3+ 44.Kg1 Rd6  0-1

[Event "ch-BLR"]
[Site "Minsk BLR"]
[Date "2009.01.13"]
[Round "1"]
[White "Maiorov,N1"]
[Black "Romanenko,Vl"]
[Result "0-1"]
[WhiteElo "2524"]
[BlackElo "2478"]

1.d4 Nf6 2.c4 e6 3.Nc3 Bb4 4.Qc2 O-O 5.a3 Bxc3+ 6.Qxc3 b6 7.Bg5 Bb7 8.f3 d6
9.e4 c5 10.d5 exd5 11.Bxf6 Qxf6 12.Qxf6 gxf6 13.exd5 Nd7 14.Ne2 Rfe8 15.O-O-O Ne5
16.Ng3 Kf8 17.Nh5 f5 18.Nf6 Re7 19.Nxh7+ Kg7 20.Ng5 Rh8 21.Nh3 Kf6 22.Nf2 Ng6
23.g3 Re3 24.f4 Ne7 25.Bd3 Rf3 26.Rd2 b5 27.b3 bxc4 28.bxc4 Ba6 29.Kd1 Rb8
30.Ke2 Rxd3 31.Nxd3 Bxc4 32.Kf2 Bxd5 33.Rhd1 Be4 34.Rb2 Rc8 35.h3 c4 36.Nc1 Nd5
37.Na2 c3 38.Rb5 Ke6 39.Rd4 c2 40.Nc1 Rc3 41.Rb3 Rc5 42.Ke1 Nb6 43.h4 d5
44.a4 Rc8 45.Kf2 Rc6 46.Ke2 Kf6 47.Rdb4 Kg6 48.Ra3 Kh5 49.Ra1 Kg4 50.Kf2 a5
51.Rd4 Nc4 52.Ne2 Rb6 53.Nc3 Rb3 54.Nxe4 fxe4 55.Rc1 Na3 56.Ke2 Rb1 57.Kd2 e3+  0-1

[Event "Petrovskaya Ladya GM2"]
[Site "Peterhof RUS"]
[Date "2009.01.13"]
[Round "1"]
[White "Khuseinkhodzhaev,M"]
[Black "Yaksin,O"]
[Result "1/2-1/2"]
[WhiteElo "2373"]
[BlackElo "2335"]

1.d4 Nf6 2.c4 e6 3.Nc3 Bb4 4.Qc2 O-O 5.a3 Bxc3+ 6.Qxc3 d6 7.Bg5 Nbd7 8.Nf3 Re8
9.e3 e5 10.dxe5 Nxe5 11.Be2 h6 12.Bh4 g5 13.Nxe5 dxe5 14.Rd1 Qe7 15.Bg3 Ne4
16.Qc2 Bf5 17.Bd3 Nxg3 18.hxg3 Bxd3 19.Rxd3 Qf6 20.Rd7 Rad8 21.Rxc7 Qb6 22.Qf5 Qxc7
23.Rxh6 Rd6 24.Qxg5+ Rg6 25.Rxg6+ fxg6 26.Qxg6+ Kf8 27.Qf6+ Qf7 28.Qh8+ Ke7
29.Qxe5+ Kd7 30.Qd4+ Kc7 31.Qf4+ Qxf4 32.gxf4 Kd6 33.g4 Rc8 34.b3 b5 35.cxb5 Rc3
36.g5 Ke6 37.e4 Rf3 38.Ke2 Rxf4 39.Ke3 Rg4 40.f4 Rg3+ 41.Kd4 Rxb3 42.f5+ Kf7
43.a4 Rb4+ 44.Kd5 Rxa4 45.e5 Rb4 46.e6+ Kf8 47.Ke5 Rxb5+ 48.Kf6 a5 49.g6 Rb1
50.Ke5 a4 51.f6 a3 52.e7+ Ke8 53.Ke6 Rb6+ 54.Kf5 Rb1 55.g7 Rg1 56.Ke6 Re1+
57.Kd6 Kf7 58.Kd7 Rd1+ 59.Kc7 Rg1 60.Kd7 Rd1+ 61.Kc7 Re1 62.Kd7 a2 63.g8=Q+ Kxg8
64.e8=Q+  1/2-1/2

[Event "6th ch-Mediterranean"]
[Site "Antalya TUR"]
[Date "2009.01.15"]
[Round "7"]
[White "Doric,D"]
[Black "Aroshidze,L"]
[Result "1/2-1/2"]
[WhiteElo "2477"]
[BlackElo "2526"]

1.d4 Nf6 2.c4 e6 3.Nc3 Bb4 4.Qc2 O-O 5.a3 Bxc3+ 6.Qxc3 b6 7.Bg5 Bb7 8.f3 d6
9.Nh3 h6 10.Bh4 Nbd7 11.Nf2 Rc8 12.e4 c5 13.dxc5 Nxc5 14.Bxf6  1/2-1/2

[Event "ch-AZE"]
[Site "Baku AZE"]
[Date "2009.01.16"]
[Round "4"]
[White "Abbasov,F"]
[Black "Ibrahimov,R"]
[Result "1-0"]
[WhiteElo "2565"]
[BlackElo "2568"]

1.d4 Nf6 2.c4 e6 3.Nc3 Bb4 4.Qc2 O-O 5.e4 d5 6.e5 Ne4 7.Bd3 c5 8.Ne2 cxd4
9.Nxd4 Nd7 10.Bf4 Ndc5 11.O-O Nxd3 12.Qxd3 Bxc3 13.bxc3 b6 14.cxd5 Qxd5 15.Rfd1 Bb7
16.c4 Qd7 17.f3 Nc5 18.Qe3 Qa4 19.Nb5 Qxc4 20.Nd6 Qa4 21.Rd4 Qd7 22.Ne4 Qe8
23.Nf6+ gxf6 24.Bh6 Kh8 25.Bg7+  1-0

[Event "6th ch-Mediterranean"]
[Site "Antalya TUR"]
[Date "2009.01.17"]
[Round "9"]
[White "Malokas,N"]
[Black "Richard,E"]
[Result "1-0"]
[WhiteElo "1890"]
[BlackElo "2073"]

1.d4 Nf6 2.c4 e6 3.Nc3 Bb4 4.Qc2 O-O 5.Nf3 d6 6.a3 Bxc3+ 7.Qxc3 Qe8 8.e3 Nbd7
9.Be2 e5 10.dxe5 dxe5 11.O-O Ne4 12.Qc2 f5 13.b4 Qe7 14.Bb2 Ng5 15.Nxg5 Qxg5
16.f4 Qh6 17.c5 c6 18.Bc4+ Kh8 19.Rad1 Nf6 20.Rd6 exf4 21.exf4 Qh5 22.Bxf6 gxf6
23.Qc3 Qh6 24.Rf3 Qg7 25.Rg3 Qe7 26.Rxf6  1-0

[Event "Queenstown Classic"]
[Site "Queenstown NZL"]
[Date "2009.01.18"]
[Round "4"]
[White "Grigoryan Lyell,M"]
[Black "Tsagarakis,A"]
[Result "1-0"]
[WhiteElo "2092"]
[BlackElo "1927"]

1.d4 Nf6 2.c4 e6 3.Nc3 Bb4 4.Qc2 O-O 5.Bg5 d5 6.e3 Nbd7 7.a3 Be7 8.Nf3 b6
9.cxd5 exd5 10.Bd3 Bb7 11.O-O c5 12.Rad1 c4 13.Bf5 h6 14.Bf4 Nh5 15.Ne5 Ndf6
16.Rfe1 Nxf4 17.exf4 Re8 18.Nxf7 Kxf7 19.Be6+  1-0

[Event "4NCL 2008-9"]
[Site "Sunningdale ENG"]
[Date "2009.01.18"]
[Round "6"]
[White "Devereaux,M"]
[Black "Kosten,A"]
[Result "1/2-1/2"]
[WhiteElo "2437"]
[BlackElo "2514"]

1.d4 Nf6 2.c4 e6 3.Nc3 Bb4 4.Qc2 O-O 5.Nf3 c5 6.dxc5 Na6 7.g3 Nxc5 8.Bg2 Nce4
9.O-O Nxc3 10.bxc3 Be7 11.e4 d6 12.e5 dxe5 13.Nxe5 Qc7 14.Qe2 Nd7 15.Bf4 Nxe5
16.Bxe5 Bd6 17.Bxd6 Qxd6 18.Rad1 Qc7 19.Qd3 Rb8 20.Qd6 Qxd6 21.Rxd6 b6 22.Rb1 Bb7
23.Bxb7 Rxb7 24.c5 Rfb8 25.c4 Kf8 26.cxb6 axb6 27.Rc6  1/2-1/2

[Event "ch-PriFO"]
[Site "Kazan RUS"]
[Date "2009.01.23"]
[Round "3"]
[White "Shabalin,E"]
[Black "Mikhailov,Se"]
[Result "1-0"]
[WhiteElo "2220"]
[BlackElo "2416"]

1.d4 Nf6 2.c4 e6 3.Nc3 Bb4 4.Qc2 O-O 5.e3 b6 6.a3 Bxc3+ 7.Qxc3 Bb7 8.f3 c5
9.Bd3 d5 10.dxc5 bxc5 11.Ne2 Nc6 12.cxd5 exd5 13.Qxc5 Rc8 14.Qb5 Ne5 15.Bf5 Rb8
16.Nd4 Qd6 17.Qb4 Qd8 18.Qa4 g6 19.Bb1 Nfd7 20.O-O Qe7 21.b4 Rfc8 22.Qxa7 Nc6
23.Nxc6 Rxc6 24.Qd4 Rc4 25.Qd2 Rbc8 26.Bb2 Rh4 27.Bd4 Qd6 28.g3 Rh5 29.Bd3 Ne5
30.b5 Nc4 31.Qa2 Qe6 32.a4 Ne5 33.Be2 Qh3 34.Rf2 Rf5 35.a5 h5 36.Bf1 Nxf3+
37.Rxf3 Qg4 38.Rxf5 Qxf5 39.Qf2  1-0

[Event "Arcapita Open"]
[Site "Manama BHN"]
[Date "2009.01.26"]
[Round "3"]
[White "Saleh,No"]
[Black "Saad,B"]
[Result "1-0"]
[WhiteElo "1879"]
[BlackElo "2115"]

1.d4 Nf6 2.c4 e6 3.Nc3 Bb4 4.Qc2 O-O 5.Nf3 d5 6.e3 Bxc3+ 7.Qxc3 c5 8.dxc5 Ne4
9.Qa3 Nc6 10.b4 a5 11.Rb1 Bd7 12.b5 Nb4 13.Rb2 Nxc5 14.Bd2 b6 15.Bxb4 axb4
16.Qxb4 Ra4 17.Qd2 dxc4 18.Qc2 Bc8 19.Ne5 Bb7 20.Nxc4 Bxg2 21.Rg1 Be4 22.Qc3 f6
23.Rd2 Bd5 24.Qc2 Qc7 25.f4 Be4 26.Qd1 Rfa8 27.a3 Nd3+ 28.Bxd3 Bxd3 29.Rxd3 Rxc4
30.Rd7 Qxd7 31.Qxd7 Rc1+ 32.Kf2 Rc2+ 33.Kf3 g6 34.Qxe6+ Kg7 35.Qe7+ Kh6 36.Rd1 Rxh2
37.Rd7 Rh3+ 38.Kg2 Rh4  1-0

[Event "FINEC GM"]
[Site "St Petersburg RUS"]
[Date "2009.01.31"]
[Round "5"]
[White "Goganov,A"]
[Black "Brodsky,M"]
[Result "1/2-1/2"]
[WhiteElo "2385"]
[BlackElo "2518"]

1.d4 Nf6 2.c4 e6 3.Nc3 Bb4 4.Qc2 O-O 5.a3 Bxc3+ 6.Qxc3 b6 7.Bg5 Bb7 8.e3 d6
9.Ne2 Nbd7 10.Qd3 h6 11.Bh4 Ba6 12.Nc3 d5 13.Qc2 dxc4 14.Qa4 Qc8 15.Bxc4 Bxc4
16.Qxc4 c5 17.O-O cxd4 18.Qxd4 Qc6 19.Rfd1 Rfc8 20.Rab1 Qc4 21.Qxc4 Rxc4
22.Bxf6 Nxf6 23.f3 Kf8 24.Rd2 Ke7 25.Rbd1 Rc7 26.e4 a6 27.Kf2  1/2-1/2

[Event "TCh-NED 2008-9"]
[Site "Netherlands NED"]
[Date "2009.02.07"]
[Round "5"]
[White "De Jong,JW"]
[Black "Kabatianski,A"]
[Result "1-0"]
[WhiteElo "2479"]
[BlackElo "2436"]

1.d4 Nf6 2.c4 e6 3.Nc3 Bb4 4.Qc2 O-O 5.e4 d6 6.a3 Bxc3+ 7.bxc3 Nbd7 8.Bd3 c5
9.Ne2 Qc7 10.Ng3 b5 11.cxb5 a6 12.b6 Nxb6 13.Bg5 Nbd7 14.O-O h6 15.Be3 e5
16.Qe2 Nb6 17.h3 Bd7 18.f4 Nh7 19.fxe5 dxe5 20.d5 c4 21.Bc2 Nc8 22.Rab1 f6
23.Qf2 Ng5 24.h4 Nf7 25.Nh5 Bg4 26.Nxg7 Kxg7 27.Qxf6+ Kh7 28.Bxh6 Rg8 29.Be3 Ncd6
30.h5 Rg7 31.Qh4 Rag8 32.Rf2 Qd7 33.Kh2 Qd8 34.Rf6 Be2 35.Rg1 Rg4 36.Qf2 Bd3
37.Bxd3 cxd3 38.Rxf7+ Nxf7 39.Qxf7+ Kh8 40.g3 Rf8 41.Qe6 Qc8 42.Qxe5+ Kh7
43.Bd4 Re8 44.Qf6 Rexe4 45.Rf1 Qe8 46.Qf5+ Kh6 47.Be3+ Rxe3 48.Qxg4 Qxh5+
49.Qxh5+ Kxh5 50.d6 Re5 51.d7  1-0

[Event "TCh-BEL 2008-9"]
[Site "Belgium BEL"]
[Date "2009.02.15"]
[Round "9"]
[White "Vandevoort,P"]
[Black "Hovhanisian,M"]
[Result "0-1"]
[WhiteElo "2389"]
[BlackElo "2460"]

1.d4 e6 2.c4 Nf6 3.Nc3 Bb4 4.Qc2 O-O 5.a3 Bxc3+ 6.Qxc3 b5 7.cxb5 c6 8.Bg5 cxb5
9.e3 Bb7 10.f3 a6 11.Ne2 Nc6 12.Qd3 Qa5+ 13.Kf2 Ne8 14.e4 f5 15.d5 fxe4 16.Qxe4 Nd6
17.Qg4 h5 18.Qh4 exd5 19.b4 Qb6+ 20.Be3 Qxe3+  0-1

[Event "It B"]
[Site "Nancy FRA"]
[Date "2009.02.17"]
[Round "2"]
[White "Gladyszev,O"]
[Black "Marzolo,C"]
[Result "1/2-1/2"]
[WhiteElo "2423"]
[BlackElo "2484"]

1.d4 Nf6 2.c4 e6 3.Nc3 Bb4 4.Qc2 O-O 5.a3 Bxc3+ 6.Qxc3 b6 7.Bg5 Bb7 8.f3 d5
9.e3 Nbd7 10.cxd5 Nxd5 11.Bxd8 Nxc3 12.Bxc7 Nd5 13.Bf4 Nxf4 14.exf4 Rfd8
15.O-O-O Rac8+ 16.Kb1 Nc5 17.Bb5 a6 18.Bd3 Nxd3 19.Rxd3 a5 20.Rd2 Ba6 21.Nh3 Bc4
22.Nf2 Rc7 23.Ng4 Bb3 24.Ne3 g6 25.Re1 Rcd7 26.Rd3 a4 27.Nc2 Kg7 28.Red1 Kf6
29.R1d2 h6 30.Ne3 Rc7 31.Rc3 Rcd7 32.Rcd3 Rc7 33.Rc3 Rcd7 34.Rcd3  1/2-1/2

[Event "It B"]
[Site "Nancy FRA"]
[Date "2009.02.19"]
[Round "5"]
[White "Gladyszev,O"]
[Black "Delorme,Al"]
[Result "1-0"]
[WhiteElo "2423"]
[BlackElo "2251"]

1.d4 Nf6 2.c4 e6 3.Nc3 Bb4 4.Qc2 O-O 5.a3 Bxc3+ 6.Qxc3 b6 7.Bg5 Bb7 8.e3 c5
9.dxc5 bxc5 10.f3 d6 11.O-O-O Qe7 12.Bxf6 gxf6 13.Ne2 Nd7 14.Nf4 Rad8 15.Nh5 d5
16.cxd5 exd5 17.Bb5 Ne5 18.f4 d4 19.Qe1 Ng4 20.Qh4 Qxe3+ 21.Rd2 Kh8 22.Qxg4 Rg8
23.Qh4  1-0

[Event "It A"]
[Site "Nancy FRA"]
[Date "2009.02.20"]
[Round "7"]
[White "Brunner,N"]
[Black "Meier,Geo"]
[Result "0-1"]
[WhiteElo "2413"]
[BlackElo "2608"]

1.d4 Nf6 2.c4 e6 3.Nc3 Bb4 4.Qc2 O-O 5.a3 Bxc3+ 6.Qxc3 b6 7.Bg5 Bb7 8.e3 d6
9.f3 Nbd7 10.Bd3 c5 11.Ne2 h6 12.Bh4 Rc8 13.O-O cxd4 14.Qxd4 Ne5 15.Rac1 Ba6
16.b4 Nxd3 17.Qxd3 Rxc4 18.Rxc4 d5 19.Rd1 Bxc4 20.Qc2 b5 21.Nc3 Qb6 22.Bf2 e5
23.h3 Qe6 24.a4 d4 25.Nxb5 Bb3 26.Qd2 Bxd1 27.Qxd1 a6 28.Na3 Qa2 29.Nb1 Rd8
30.exd4 exd4 31.b5 axb5 32.axb5 d3 33.b6 Qc2  0-1

[Event "2nd Pfalz Open"]
[Site "Neustadt an der Weinstrasse GER"]
[Date "2009.02.21"]
[Round "8"]
[White "Vavrak,P"]
[Black "Gharamian,T"]
[Result "0-1"]
[WhiteElo "2488"]
[BlackElo "2581"]

1.d4 Nf6 2.c4 e6 3.Nc3 Bb4 4.Qc2 O-O 5.e4 d5 6.e5 Ne4 7.a3 Bxc3+ 8.bxc3 c5
9.Bd3 Qa5 10.Ne2 cxd4 11.cxd5 exd5 12.f3 Nxc3 13.Nxd4 Ne4+ 14.Ke2 f5 15.Be3 Nc6
16.Nxc6 bxc6 17.Rhc1 Rb8 18.Qxc6 f4 19.Bxf4 Rb6 20.Qxc8 Rb2+ 21.Kf1 Qb6  0-1

[Event "TCh-HUN 2008-9"]
[Site "Szombathely HUN"]
[Date "2009.02.22"]
[Round "8"]
[White "Galyas,M"]
[Black "Nemeth,D"]
[Result "1-0"]
[WhiteElo "2454"]
[BlackElo "2139"]

1.d4 Nf6 2.c4 e6 3.Nc3 Bb4 4.Qc2 O-O 5.a3 Bxc3+ 6.Qxc3 b5 7.cxb5 c6 8.Qd3 cxb5
9.e4 d6 10.Ne2 Nbd7 11.Nc3 a6 12.Be2 Bb7 13.O-O e5 14.Be3 exd4 15.Qxd4 Nc5
16.e5 Ne6 17.Qxd6 Qxd6 18.exd6 Rfd8 19.Rfd1 Ne8 20.a4 bxa4 21.Rxa4 Rxd6 22.Rb4 Rxd1+
23.Bxd1 Bc6 24.Rb6 Nd8 25.Be2 Nc7 26.b4 h6 27.h4 Bb7 28.Rd6 Rc8 29.Na4 Nde6
30.Rb6 Nd8 31.Nc5 Nd5 32.Rd6 Nxe3 33.fxe3 a5 34.Nxb7 Nxb7 35.Rb6 Rc7 36.Bf3 Nd8
37.bxa5 Kh7 38.a6 Ne6 39.Rb7  1-0

[Event "TCh-HUN 2008-9"]
[Site "Nagykanizsa HUN"]
[Date "2009.03.01"]
[Round "9"]
[White "Gonda,L"]
[Black "Taskovits,I"]
[Result "1/2-1/2"]
[WhiteElo "2507"]
[BlackElo "2326"]

1.d4 Nf6 2.c4 e6 3.Nc3 Bb4 4.Qc2 O-O 5.a3 Bxc3+ 6.Qxc3 b6 7.Bg5 Bb7 8.e3 d6
9.Ne2 Nbd7 10.Qc2 h6 11.Bh4 e5 12.Rd1 Re8 13.Nc3 g5 14.Bg3 Nh5 15.d5 Kg7
16.Be2 Ndf6 17.f3 Nxg3 18.hxg3 Qe7 19.e4 Rh8 20.Kf2 Rag8 21.Rh2 Bc8 22.Rdh1 h5
23.Qd2 h4 24.gxh4 gxh4 25.Ke1 Nd7 26.Kd1 Nf8 27.Kc1 Ng6 28.Kb1 a5 29.Bd3 Bd7
30.Ne2 Qf6 31.f4 Bg4 32.f5 Bxe2 33.Bxe2 Nf4 34.Bf3 Qg5 35.Qf2 Kf6 36.Kc2 Qg3
37.Qxg3 Rxg3 38.Rxh4 Rxh4 39.Rxh4 Nxg2 40.Bxg2 Rxg2+ 41.Kc3 Rg3+  1/2-1/2

[Event "25th Open"]
[Site "Cappelle la Grande FRA"]
[Date "2009.03.02"]
[Round "4"]
[White "Benitah,Y"]
[Black "Jeanne,M"]
[Result "0-1"]
[WhiteElo "2434"]
[BlackElo "2195"]

1.d4 e6 2.c4 Nf6 3.Nc3 Bb4 4.Qc2 O-O 5.Nf3 c5 6.dxc5 Na6 7.a3 Bxc3+ 8.Qxc3 Nxc5
9.b4 Nce4 10.Qd4 b6 11.Bb2 d5 12.Rd1 Bb7 13.e3 Rc8 14.cxd5 Qxd5 15.Bd3 Rfd8
16.Bxe4 Qxd4 17.Bxh7+ Kxh7 18.Bxd4 Ne4 19.O-O Ba6 20.Rfe1 Rc2 21.Be5 Rxd1
22.Rxd1 Be2 23.Rb1 Bxf3 24.gxf3 Nd2 25.Rb2 Rc1+ 26.Kg2 Nc4  0-1

[Event "10th EICC"]
[Site "Budva MNE"]
[Date "2009.03.11"]
[Round "6"]
[White "Pashikian,A"]
[Black "Cebalo,M"]
[Result "1/2-1/2"]
[WhiteElo "2621"]
[BlackElo "2509"]

1.d4 Nf6 2.c4 e6 3.Nc3 Bb4 4.Qc2 O-O 5.e4 d5 6.e5 Ne4 7.Bd3 c5 8.Ne2 cxd4
9.Nxd4 Nc6 10.Nxc6 bxc6 11.Bxe4 dxe4 12.Qxe4 Bxc3+ 13.bxc3 Qa5 14.O-O Ba6
15.a4 Qc5 16.Ba3 Qxc4 17.Qxc4 Bxc4 18.Bxf8 Bxf1 19.Bd6 Ba6 20.f4 f6 21.Kf2 Rd8
22.Rb1 fxe5 23.fxe5 Rd7 24.Rb8+ Kf7 25.Ke3 c5 26.Kf4 Kg6 27.Bxc5 Rd2 28.g3 Ra2
29.Rb4 Bd3 30.Ke3 Bc2 31.Bxa7 Rxa4 32.Rb7 Be4 33.Rb2 Bd5 34.Bb8 h5 35.Bd6 h4
36.gxh4 Rxh4 37.Rf2 Rh3+ 38.Kd2 Rf3 39.Re2 Kf5 40.Bc5 g5 41.Bd4 Bc4 42.Rg2 Bf1
43.Rg1 g4 44.Kc2 Bc4 45.Kb2 Rf1 46.Rg2 Re1 47.Ka3 Re2 48.Rxe2 Bxe2  1/2-1/2

[Event "10th EICC"]
[Site "Budva MNE"]
[Date "2009.03.17"]
[Round "11"]
[White "Lysyj,I"]
[Black "Hillarp Persson,T"]
[Result "1/2-1/2"]
[WhiteElo "2620"]
[BlackElo "2586"]

1.d4 Nf6 2.c4 e6 3.Nc3 Bb4 4.Qc2 O-O 5.a3 Bxc3+ 6.Qxc3 b6 7.Bg5 Bb7 8.e3 d6
9.Ne2 Nbd7 10.Qc2 c5 11.Rd1 Rc8 12.Nc3 cxd4 13.Rxd4 Rc5 14.Bh4 Qa8 15.Be2 d5
16.b4 Rcc8 17.O-O dxc4 18.e4 Ne5 19.f4 Ng6 20.Bg3 Rfd8 21.Rfd1 Rxd4 22.Rxd4 Rd8
23.Rxc4 b5 24.Rc7 a6 25.Bf3 h5 26.f5 Nf8 27.Bh4 exf5 28.Bxf6 gxf6 29.Bxh5 Rd7
30.Rxd7 Nxd7 31.exf5 Ne5 32.h3 Qd8 33.Ne2 Qb6+ 34.Qc5 Qxc5+ 35.bxc5 Nd3 36.Nd4 Nxc5
37.Bd1 Nd3 38.g4 Kg7 39.Bc2 Ne5 40.Bb3 Be4 41.Kf2 Bd3 42.Kg3 Bc4 43.Bc2 a5
44.Kf4 b4 45.axb4 axb4 46.h4 Nd7 47.Bb3 Bxb3 48.Nxb3 Kh6 49.Ke4 Ne5 50.Kf4 Nd3+
51.Ke4 Ne5 52.Kf4 Nd3+ 53.Kg3 Ne5 54.Nd2 Nd3 55.Kf3 Ne5+ 56.Kf4 Nd3+ 57.Kf3 Ne5+
58.Kg3 Nd3 59.Nb3 Ne5 60.Nc5 Nc6 61.Nb3 Ne5 62.Nd2 Nd3 63.Kf3 Ne5+ 64.Kf4 Nd3+
65.Kf3 Ne5+ 66.Kg3 Nd3 67.Nb3 Ne5 68.Nd2 Nd3  1/2-1/2

[Event "TCh-AUT 1st Bundesliga 2008-9"]
[Site "Ansfelden AUT"]
[Date "2009.03.20"]
[Round "9"]
[White "Bischoff,K"]
[Black "Naumann,A"]
[Result "1/2-1/2"]
[WhiteElo "2545"]
[BlackElo "2521"]

1.c4 Nf6 2.Nc3 e6 3.d4 Bb4 4.Qc2 O-O 5.a3 Bxc3+ 6.Qxc3 b6 7.Bg5 Bb7 8.e3 d6
9.Ne2 Nbd7 10.Qd3 Ba6 11.Nc3 d5 12.Qc2 Bxc4 13.Bxc4 dxc4 14.Qa4 c5 15.Rd1 Qc8
16.Bxf6 Nxf6 17.Qxc4 cxd4 18.Qxc8 Raxc8 19.Rxd4 Rfd8 20.Rxd8+ Rxd8 21.Ke2 Kf8
22.Rc1 Rc8 23.Rd1 Ke7 24.Rd4 a6 25.Ra4  1/2-1/2

[Event "TCh-AUT 1st Bundesliga 2008-9"]
[Site "Ansfelden AUT"]
[Date "2009.03.21"]
[Round "10"]
[White "Shengelia,D"]
[Black "Dizdar,G"]
[Result "1/2-1/2"]
[WhiteElo "2547"]
[BlackElo "2565"]

1.d4 Nf6 2.c4 e6 3.Nc3 Bb4 4.Qc2 O-O 5.a3 Bxc3+ 6.Qxc3 d6 7.f3 c5 8.dxc5 dxc5
9.Bg5 Nc6 10.e3 h6 11.Bf4 Qe7 12.O-O-O e5 13.Bg3 Bf5 14.Bd3 Bxd3 15.Rxd3 Rfd8
16.Ne2 Rxd3 17.Qxd3 e4 18.Qc3 Re8 19.f4 Rd8 20.Rd1 Rxd1+ 21.Kxd1 Qd7+ 22.Kc2 Ne8
23.h3 Nd6 24.Be1 a6 25.g4 h5 26.f5 hxg4 27.hxg4 b5 28.cxb5 axb5 29.Qxc5 Nc4
30.Nf4 N6e5 31.Qd4 Qc6 32.Kb1 Nxg4 33.Bc3 Nf6 34.Qd8+ Kh7 35.Bxf6 Qxf6 36.Qxf6 gxf6
37.Nd5 Kh6 38.Nxf6 Nxe3 39.Nxe4 Nxf5 40.Kc2 Ne3+ 41.Kd3 Nc4 42.Kc3 f5 43.Nf2 f4
44.a4 Nxb2 45.a5 Nc4 46.a6 Nb6 47.a7 Kg7 48.Kb4 Kf8 49.Nd3 f3 50.Ne5 f2 51.Nd7+ Kg7
52.Nxb6 f1=Q 53.a8=Q Qf8+  1/2-1/2

[Event "25th Spring Festival"]
[Site "Budapest HUN"]
[Date "2009.03.22"]
[Round "3"]
[White "Galyas,M"]
[Black "Amstadt,A"]
[Result "1-0"]
[WhiteElo "2456"]
[BlackElo "2219"]

1.d4 Nf6 2.c4 e6 3.Nc3 Bb4 4.Qc2 O-O 5.a3 Bxc3+ 6.Qxc3 Ne4 7.Qc2 f5 8.e3 b6
9.Nh3 Bb7 10.f3 Qh4+ 11.g3 Nxg3 12.hxg3 Qxg3+ 13.Qf2 Qxf3 14.Qxf3 Bxf3 15.Rg1 Bb7
16.Bd2 Nc6 17.Bc3 g6 18.d5 Nd8 19.Nf4 Re8 20.Bd3 Kf7 21.Rh1 Kg8 22.Kd2 e5
23.Nxg6 hxg6 24.Rag1 Kf7 25.Rh6 d6 26.Rhxg6 Bc8 27.Rg7+ Kf8 28.Be2 Be6 29.dxe6 Nxe6
30.Rh7  1-0

[Event "TOP 16 GpB"]
[Site "Metz FRA"]
[Date "2009.03.22"]
[Round "3"]
[White "Nezar,M"]
[Black "Elbilia,J"]
[Result "0-1"]
[WhiteElo "2399"]
[BlackElo "2402"]

1.d4 Nf6 2.c4 e6 3.Nc3 Bb4 4.Qc2 O-O 5.Bg5 h6 6.Bh4 c5 7.dxc5 Na6 8.e3 Nxc5
9.Ne2 b5 10.cxb5 Bb7 11.f3 g5 12.Bf2 Nfe4 13.a3 Nxf2 14.Kxf2 Bxc3 15.Nxc3 Rc8
16.Kg1 f5 17.Qf2 Qf6 18.Rd1 d5 19.h4 g4 20.Qg3 Kh8 21.fxg4 Ne4 22.Nxe4 fxe4
23.g5 Qxb2 24.Kh2 Rf5 25.a4 Kg7 26.Qd6 Rxg5 27.Qe7+ Kg6 28.Qxb7 Rh8  0-1

[Event "Victor Ciocaltea Mem"]
[Site "Bucharest ROM"]
[Date "2009.03.24"]
[Round "2"]
[White "Miron,L"]
[Black "Abasov,N"]
[Result "1-0"]
[WhiteElo "2443"]
[BlackElo "2397"]

1.d4 Nf6 2.c4 e6 3.Nc3 Bb4 4.Qc2 O-O 5.a3 Bxc3+ 6.Qxc3 d6 7.Bg5 Nbd7 8.e3 b6
9.Qc2 c5 10.Ne2 Ba6 11.Rd1 Qc8 12.Nc3 cxd4 13.Rxd4 d5 14.cxd5 Bxf1 15.dxe6 Ba6
16.exd7 Nxd7 17.f3 Re8 18.Kf2 Nc5 19.Rd2 h6 20.Bf4 Qe6 21.Rhd1 Rac8 22.Rd6 Qc4
23.R6d4 Qe6 24.e4 Bc4 25.Rd6 Qe7 26.Qd2 Bb3 27.Re1 Rcd8 28.Kg1 Ne6 29.Bg3 Nc5
30.Nd5 Bxd5 31.Rxd5 Rxd5 32.exd5 Qd7 33.Rxe8+ Qxe8 34.d6 Qe6 35.h3 f6 36.Qc3 Kf7
37.b4 Nd7 38.Qc7 a6 39.Qa7 f5 40.Qxa6 Qe3+ 41.Kh2 g5 42.Qc4+ Qe6 43.Qxe6+ Kxe6
44.a4 f4 45.Bf2 Kxd6 46.a5 bxa5 47.bxa5 Kc6 48.a6 h5 49.Bd4 Nf8 50.Kg1 Ne6
51.Bf2 Nc7 52.a7 Kb7 53.Kf1 Nd5 54.Ke2 Nc3+ 55.Kd3 Nd5 56.Ke4 Nc3+ 57.Kf5 Nd1
58.Bd4  1-0